| 000 | 04254nab a2200325 4500 | ||
|---|---|---|---|
| 003 | BR-BrBNA | ||
| 005 | 20251010161134.0 | ||
| 008 | 251010b2024 bl.ar|pooa||| 00| 0 eng | | ||
| 040 |
_aBR-BrBNA _bpor |
||
| 072 |
_ak10 ; k50 _b3240 ; 8901 |
||
| 100 | _aSoares, Carlos Pedro Boechat | ||
| 100 | _aLeite, Helio Garcia | ||
| 100 | _aSilva, Gilson Fernandes da | ||
| 245 | _aA methodology to estimate the volume and stem taper based on solidos of revolutions | ||
| 500 | _aSummaries (En, Pt); 35 ref.; 6 illus.; 3 tables | ||
| 520 | _aABSTRACT - The knowledge and identification of stem forms allow more accurate quantification of timber resources as the volume and knowledge of aspects related to species genetics and environmental factors on tree growth. Therefore, the objective of this study was the development of methodology based on concepts of solids of revolution to identify the different forms along the tree stems; define the most appropriate formulas to compute the volume of each part of the stem; and estimate diameters along the stems (stem taper). For this, data from 27 felled sample trees of Eucalyptus grandis, separated equally into nine diameter classes, with 60 months of age, planted under 3 × 3 meters spacing were used to establish the relationships between the variables and develop the methodology. For the set of sample trees, the basal part of the stems resembled a neiloid, a cone at the center, and a paraboloid at the top. The differences between stem volumes obtained by applying specific formulas for each stem section and those obtained by a single formula for all sections were statistically significant (p-value < 0.05). The proposed methodology provided accurate estimates of diameters outside the bark compared to the diameters estimated by the taper models for most sample trees, showing the potential of using the methodology as an alternative to traditional methods. Keywords: Geometric forms; Eucalyptus trees; Taper functions. | ||
| 520 | _aRESUMO – O conhecimento e a identificação das formas do tronco permitem uma quantificação mais precisa dos recursos madeireiros quanto ao volume e o conhecimento de aspectos relacionados à genética das espécies e aos fatores ambientais no crescimento das árvores. Assim sendo, o objetivo deste estudo foi o desenvolvimento de metodologia baseada em conceitos de sólidos de revolução para identificar as diferentes formas ao longo dos troncos das árvores; definir as fórmulas mais adequadas para calcular o volume de cada parte deles; e estimar os diâmetros ao longo dos troncos (afilamento). Para isso, foram utilizados dados de 27 árvores amostrais de Eucalyptus grandis, separadas igualmente em nove classes de diâmetro, com 60 meses de idade, plantadas no espaçamento 3 × 3 metros, para estabelecer as relações entre as variáveis e desenvolver a metodologia. Para o conjunto das árvores amostrais, verificou-se que a parte basal dos troncos assemelhavam-se a um neilóide; a um cone na parte central; e a um parabolóide no topo. As diferenças entre os volumes do tronco obtidos pela aplicação de fórmulas específicas para cada seção do caule e aqueles obtidos por uma fórmula única para todas as seções foram estatisticamente significativos (p-valor < 0,05). A metodologia proposta forneceu estimativas precisas dos diâmetros com casca em comparação com os diâmetros estimados pelos modelos de afilamento para a maioria das árvores amostradas, mostrando o potencial do uso da metodologia como alternativa aos métodos tradicionais. Palavras-Chave: Formas geométricas; Árvores de Eucalyptus; Funções de afilamento. | ||
| 650 | _aEUCALYPTUS GRANDIS | ||
| 650 | _aCAULE | ||
| 650 | _aTORA | ||
| 650 | _aMADEIRA ROLIÇA | ||
| 650 | _aDIÂMETRO | ||
| 650 | _aDENDROMETRIA | ||
| 650 | _aMEDIÇÃO | ||
| 650 | _aVOLUME | ||
| 773 | 0 |
_0812 _9346931 _dViçosa-MG Sociedade de Investigações Florestais - Universidade Federal de Viçosa. Depto. de Engenharia Florestal 1977 _o2024-7729 _tRevista Árvore (Brazil) _x0100-6762 _gv. 48 p. 1-14; (2024) _wBR2025003813 |
|
| 856 | _uhttps://www.scielo.br/j/rarv/a/6Zw5kS7dyqkRw8Dw9NRfW9f/?format=pdf&lang=en | ||
| 942 | _cANA | ||
| 999 |
_c338626 _d338626 |
||